Movies Quiz

Random Movies Quiz
Score 0/12 Timer 06:00
0 Plays Today
movies % Correct
uses a remoteclick
96.5%
golferhappy gilmore
95.7%
goes back to schoolbilly madison
91.8%
drew berrymore loses memory50 first dates
91.8%
what movie is adam sandler's mom is an angel and dad the devil?little nicky
82.4%
what movie does adam sandler take care of julien in?big daddy
80.9%
reading stories to the kidsbedtime stories
78.9%
involves football teamthe water boy
76.2%
falls in love with the bride to bethe wedding singer
74.6%
pretends to be gayi now pronounce you chuck and larry
72.7%
on a cruise shipgoing overboard
25.8%
involves jack blackkung fu panda
4.7%
Remove Ads.
Support Sporcle.
Get the best of Sporcle when you Go Orange. This ad-free experience offers more features, more stats, and more fun while also helping to support Sporcle. Thank you for becoming a member.

You're not logged in!

Compare scores with friends on all Sporcle quizzes.
OR
Log In

Show Comments

Extras

Created Oct 22, 2010ReportNominate
Tags:Adam Sandler

Top Quizzes Today


Score Distribution

Your Account Isn't Verified!

In order to create a playlist on Sporcle, you need to verify the email address you used during registration. Go to your Sporcle Settings to finish the process.

Report this User

Report this user for behavior that violates our Community Guidelines.

Details: